AH International Schools' Libraries

Planet Omar: (Record no. 48144)

MARC details
000 -LEADER
fixed length control field 00440nam a2200145 4500
020 ## - INTERNATIONAL STANDARD BOOK NUMBER
International Standard Book Number 9781444964806
100 ## - MAIN ENTRY--PERSONAL NAME
Personal name Mian, Zanib.
9 (RLIN) 85889
245 ## - TITLE STATEMENT
Title Planet Omar:
Remainder of title accidental trouble magnet /
Statement of responsibility, etc Zanib Mian.
260 ## - PUBLICATION, DISTRIBUTION, ETC. (IMPRINT)
Place of publication, distribution, etc London:
Name of publisher, distributor, etc Hodder;
Date of publication, distribution, etc 2019.
300 ## - PHYSICAL DESCRIPTION
Extent 211 p.
Other physical details ill.
Dimensions 20 cm.
650 ## - SUBJECT ADDED ENTRY--TOPICAL TERM
Topical term or geographic name as entry element Humorous Stories.
Form subdivision Fiction.
9 (RLIN) 59191
655 ## - INDEX TERM--GENRE/FORM
Genre/form data or focus term Humor.
9 (RLIN) 55332
700 ## - ADDED ENTRY--PERSONAL NAME
Relator code illustrator.
Personal name Nasaya Mafaridik.
9 (RLIN) 85892
942 ## - ADDED ENTRY ELEMENTS (KOHA)
Source of classification or shelving scheme
Koha item type J FIC BOOKS
Holdings
Withdrawn status Lost status Source of classification or shelving scheme Damaged status Not for loan Collection code Home library Current library Shelving location Date acquired Total Checkouts Full call number Barcode Date last seen Date checked out Price effective from Koha item type
          SECONDARY Asian Hope Secondary Library Asian Hope Secondary Library Junior Fiction 01/10/2025 3 J FIC MIA 207420 04/21/2026 04/07/2026 01/10/2025 J FIC BOOKS

For any Logos Library related questions please contact Miss Art at swongnarasuk@asianhope.org.

For any Asian Hope Library related questions please contact Miss Raza at graza@asianhope.org.

Powered by Koha